| 000 | 00392nam a2200133Ia 4500 | ||
|---|---|---|---|
| 008 | 220217s9999||||xx |||||||||||||| ||und|| | ||
| 020 | _a0-07-059933-5 | ||
| 082 | _a621.381 5 SIC | ||
| 100 |
_aSicard, Etienne and Bendhia, Sonia Delmas _95803 |
||
| 245 | 0 | _aBasics of CMOS cell design | |
| 260 |
_aTata mcgraw hill company Ltd _bNew Delhi _c2006 |
||
| 300 | _b300 | ||
| 650 | _aCIRCUITRY | ||
| 999 |
_c176962 _d176962 |
||